000 00743nam a22001697a 4500
020 _a9785783601385
041 _aeng
080 _a82
090 _bКОШ
100 _aКошмарова Ирина
245 _aТесты по английскому языку. Орфография, лексика, граматика.
260 _aМосква
_bАйрис
_c1999
300 _a252
520 _aСборник содержит тесты четырех уровнейсложности, предназначенные для проверки орфографии, грамматики, лексики и словоупотребления.
_0тести, англыйська мова
650 _aLanguage Studies
999 _c284538
_d284538
942 _cBK